000
00205nam a22000857a 4500
008
160713b xxu||||| |||| 00| 0 eng d
100
_9
2741
_a
BPI India
245
_a
The Tortoise
260
_a
New Delhi
_b
BPI
_c
2011
999
_c
2380
_d
2380